000 00552nam a22001817a 4500
005 20251108170950.0
008 250721s1992 xx 000 0 ara d
082 1 4 _a609.56/عبد
100 1 _aالصعيدي، عبد الحكيم عبد اللطيف
245 1 0 _aملامح التوجيه الإسلامي للعلوم لدى علماء المسلمين /
264 1 _aالقاهرة :
_c1992.
300 _a47ص.
490 0 _aإسلاميات
650 1 7 _aالإسلام
650 1 7 _aالعلوم
942 _2ddc
_cBK
999 _c53233
_d53233